Städte Afrikas - Bilderquiz - Statistiken

Allgemein
  • Dieses Quiz wurde 49 mal gespielt
  • Das Durchschnittsergebnis liegt bei 13 aus 24
Antwortstatistiken
Bildquiz Antwort % Korrekt
Kairo
98%
Kapstadt
90%
Johannesburg
86%
Tunis
86%
Nairobi
81%
Kinshasa
79%
Addis Abeba
76%
Algier
76%
Luanda
74%
Lagos
71%
Dakar
64%
Mogadischu
62%
Alexandria
60%
Windhoek
60%
Accra
55%
Kampala
50%
Timbuktu
48%
Marrakesch
33%
Mombasa
29%
Khartoum
24%
Yaoundé
21%
Benin-Stadt
10%
Sansibar
10%
Djenne
5%
Keine übereinstimmenden Quizze gefunden
Verteilung der Resultate
Anzahl Personen mit jedem Resultat
Perzentil nach korrekt beantworteten Fragen
Ihre Resultats-Entwicklung
Sie haben dieses Quiz noch nicht gespielt